Marketing bánk z praktického hľadiska
Pohľad švajčiarskeho odborníka, ktorý porovnáva marketingovú prax veľkých finančných inštitúcií v krajine pod Alpami s vývojom v postkomunistických krajinách. Pojem marketing banky. Klasifikácia marketingu. Interný a externý marketing. Public relations. Nástroje marketingu.
Gespeichert in:
| 1. Verfasser: | |
|---|---|
| Format: | Buchkapitel |
| Sprache: | Slowakisch |
| Schlagworte: | |
| Tags: |
Keine Tags, Fügen Sie das erste Tag hinzu!
|
MARC
| LEADER | 00000naa$a2200000$$$4500 | ||
|---|---|---|---|
| 001 | 0036729 | ||
| 005 | 20231006121208.1 | ||
| 041 | 0 | |a slo | |
| 044 | |a SK | ||
| 245 | 1 | 0 | |a Marketing bánk z praktického hľadiska |c Josef Kapoun |
| 520 | |a Pohľad švajčiarskeho odborníka, ktorý porovnáva marketingovú prax veľkých finančných inštitúcií v krajine pod Alpami s vývojom v postkomunistických krajinách. Pojem marketing banky. Klasifikácia marketingu. Interný a externý marketing. Public relations. Nástroje marketingu. | ||
| 610 | 2 | 0 | |a banky |
| 610 | 2 | 0 | |a marketing |
| 610 | 2 | 0 | |a marketing interný |
| 610 | 2 | 0 | |a marketing strategický |
| 610 | 2 | 0 | |a komunikácia marketingová |
| 610 | 2 | 0 | |a práca s verejnosťou |
| 610 | 2 | 0 | |a bezpečnosť informačná |
| 100 | 1 | |a Kapoun, Josef | |